000 00863nam a2200217Ia 4500
999 _c40228
_d40228
001 6835
003 GE_BSU
005 20200123164436.0
008 181216s1962||||ge |||||||||||||| ||ge ||
040 _cGE_BSU
041 _ageo
080 _a821.353.1-311 გ-62
100 _aგოთუა, ლევან.
_92050
245 _aგმირთა ვარამი :
_bრომანი ოთხ წიგნად. წიგნი მეხუთე /
_cლევან გოთუა ; რედ. ს. ჩიქოვანი.
264 _aთბილისი :
_bსაბჭ.საქართველო,
_c1962.
300 _a660 გვ. ;
_c22 სმ.
653 _aგმირთა ვარამი
653 _aრომანი
700 _aჩიქოვანი, ს.
_eრედაქტორი
_93719
942 _cBK
_2udc